[Event "178th Stay Safe Play From Home series"]
[Site "T#646379Emanuel Laske"]
[Date "2020.05.27"]
[Round "8"]
[White "Lazieri3"]
[Black "SoulofWolf"]
[Result "0-1"]
[WhiteElo "2085"]
[BlackElo "2201"]
[Annotator "RC"]
[PlyCount "120"]
[EventDate "2020.05.27"]
[EventType "swiss (blitz)"]

1. e4 {[%emt 0:00:01]} e6 {[%emt 0:00:00]} 2. Nc3 {[%emt 0:00:01]} c5 {[%emt 0:00:00]} 3. d3 {[%emt 0:00:01]} Be7 {[%emt 0:00:01]} 4. Nf3 {[%emt 0:00:00]} d5 {[%emt 0:00:00]} 5. exd5 {[%emt 0:00:02]} exd5 {[%emt 0:00:00]} 6. d4 {[%emt 0:00:00]} Nf6 {[%emt 0:00:00]} 7. Be3 {[%emt 0:00:01]} O-O {[%emt 0:00:00]} 8. Bb5 {[%emt 0:00:01]} a6 {[%emt 0:00:01]} 9. Be2 {[%emt 0:00:01]} c4 {[%emt 0:00:01]} 10. O-O {[%emt 0:00:01]} Nc6 {[%emt 0:00:00]} 11. Ne5 {[%emt 0:00:00]} Qc7 {[%emt 0:00:01]} 12. Bf4 {[%emt 0:00:01]} Bd6 {[%emt 0:00:01]} 13. Bg3 {[%emt 0:00:03]} Nxe5 {[%emt 0:00:01]} 14. dxe5 {[%emt 0:00:00]} Bxe5 {[%emt 0:00:00]} 15. Nxd5 {[%emt 0:00:01]} Nxd5 {[%emt 0:00:01]} 16. Qxd5 {[%emt 0:00:01]} Bxg3 {[%emt 0:00:05]} 17. hxg3 {[%emt 0:00:00]} Be6 {[%emt 0:00:01]} 18. Qf3 {[%emt 0:00:02]} Rad8 {[%emt 0:00:02]} 19. Rfd1 {[%emt 0:00:01]} b5 {[%emt 0:00:01]} 20. Qf4 {[%emt 0:00:01]} Qa5 {[%emt 0:00:04]} 21. a3 {[%emt 0:00:04]} Qb6 {[%emt 0:00:02]} 22. c3 {[%emt 0:00:01]} Qb7 {[%emt 0:00:02]} 23. Bf3 {[%emt 0:00:01]} Qc8 {[%emt 0:00:01]} 24. Be4 {[%emt 0:00:01]} g6 {[%emt 0:00:02]} 25. Bf3 {[%emt 0:00:03]} Bf5 {[%emt 0:00:02]} 26. Qg5 {[%emt 0:00:02]} Bd3 {[%emt 0:00:01]} 27. Re1 {[%emt 0:00:01]} Rd7 {[%emt 0:00:04]} 28. Bg4 {[%emt 0:00:01]} Qd8 {[%emt 0:00:01]} 29. Qxd8 {[%emt 0:00:03]} Rdxd8 {[%emt 0:00:00]} 30. Re7 {[%emt 0:00:01]} f5 {[%emt 0:00:02]} 31. Bf3 {[%emt 0:00:01]} Rf7 {[%emt 0:00:00]} 32. Rae1 {[%emt 0:00:01]} Kf8 {[%emt 0:00:01]} 33. Rxf7+ {[%emt 0:00:01]} Kxf7 {[%emt 0:00:00]} 34. Be2 {[%emt 0:00:03]} Be4 {[%emt 0:00:01]} 35. Bf3 {[%emt 0:00:01]} Bd3 {[%emt 0:00:01]} 36. Be2 {[%emt 0:00:01]} Rd6 {[%emt 0:00:01]} 37. Bxd3 {[%emt 0:00:01]} Rxd3 {[%emt 0:00:01]} 38. Re2 {[%emt 0:00:00]} Rd1+ {[%emt 0:00:00]} 39. Kh2 {[%emt 0:00:01]} Rd5 {[%emt 0:00:01]} 40. f3 {[%emt 0:00:01]} h6 {[%emt 0:00:01]} 41. Kg1 {[%emt 0:00:01]} Rd1+ {[%emt 0:00:01]} 42. Kf2 {[%emt 0:00:00]} g5 {[%emt 0:00:01]} 43. Ke3 {[%emt 0:00:01]} Rd6 {[%emt 0:00:01]} 44. Rd2 {[%emt 0:00:01]} Re6+ {[%emt 0:00:01]} 45. Kf2 {[%emt 0:00:00]} Kf6 {[%emt 0:00:00]} 46. Re2 {[%emt 0:00:02]} Rd6 {[%emt 0:00:01]} 47. Ke1 {[%emt 0:00:00]} a5 {[%emt 0:00:00]} 48. Rd2 {[%emt 0:00:00]} Re6+ {[%emt 0:00:00]} 49. Re2 {[%emt 0:00:00]} Rc6 {[%emt 0:00:00]} 50. Rd2 {[%emt 0:00:00]} b4 {[%emt 0:00:01]} 51. Kf2 {[%emt 0:00:00]} bxa3 {[%emt 0:00:01]} 52. bxa3 {[%emt 0:00:01]} Rb6 {[%emt 0:00:00]} 53. Rd5 {[%emt 0:00:00]} Rb2+ {[%emt 0:00:02]} 54. Ke3 {[%emt 0:00:01]} Rb3 {[%emt 0:00:01]} 55. Rxa5 {[%emt 0:00:00]} Rxc3+ {[%emt 0:00:01]} 56. Kd4 {[%emt 0:00:00]} Rc2 {[%emt 0:00:01]} 57. Ra6+ {[%emt 0:00:00]} Kg7 {[%emt 0:00:00]} 58. a4 {[%emt 0:00:00]} Rxg2 {[%emt 0:00:01]} 59. Ra7+ {[%emt 0:00:00]} Kg6 {[%emt 0:00:01]} 60. Ke5 {[%emt 0:00:00]} Re2+ {[%emt 0:00:01] Time (Lag: Av=0.42s, max=1.0s)} 0-1

[Event "178th Stay Safe Play From Home series"]
[Site "T#646379Emanuel Laske"]
[Date "2020.05.27"]
[Round "8"]
[White "Fischer_11"]
[Black "Eidgenosse"]
[Result "0-1"]
[WhiteElo "1964"]
[BlackElo "2439"]
[Annotator "NA"]
[PlyCount "54"]
[EventDate "2020.05.27"]
[EventType "swiss (blitz)"]

1. e4 {[%emt 0:00:01]} c5 {[%emt 0:00:01]} 2. c3 {[%emt 0:00:01]} e6 {[%emt 0:00:01]} 3. d4 {[%emt 0:00:01]} d5 {[%emt 0:00:00]} 4. exd5 {[%emt 0:00:01]} exd5 {[%emt 0:00:01]} 5. Be3 {[%emt 0:00:00]} Nf6 {[%emt 0:00:01]} 6. dxc5 {[%emt 0:00:01]} Nc6 {[%emt 0:00:01]} 7. b4 {[%emt 0:00:00]} Bg4 {[%emt 0:00:01]} 8. Nf3 {[%emt 0:00:00]} Be7 {[%emt 0:00:01]} 9. Be2 {[%emt 0:00:00]} O-O {[%emt 0:00:01]} 10. O-O {[%emt 0:00:00]} Re8 {[%emt 0:00:00]} 11. a3 {[%emt 0:00:03]} h6 {[%emt 0:00:01]} 12. Re1 {[%emt 0:00:01]} a5 {[%emt 0:00:02]} 13. b5 {[%emt 0:00:02]} Nb8 {[%emt 0:00:01]} 14. c4 {[%emt 0:00:01]} Bf8 {[%emt 0:00:05]} 15. cxd5 {[%emt 0:00:02]} Nxd5 {[%emt 0:00:00]} 16. Bd4 {[%emt 0:00:03]} Nd7 {[%emt 0:00:03]} 17. c6 {[%emt 0:00:02]} bxc6 {[%emt 0:00:01]} 18. bxc6 {[%emt 0:00:00]} N7f6 {[%emt 0:00:01]} 19. Bxf6 {[%emt 0:00:02]} Qxf6 {[%emt 0:00:01]} 20. Nbd2 {[%emt 0:00:03]} Nc3 {[%emt 0:00:01]} 21. Qc2 {[%emt 0:00:05]} Nxe2+ {[%emt 0:00:01]} 22. Kf1 {[%emt 0:00:02]} Nf4 {[%emt 0:00:04]} 23. Ne4 {[%emt 0:00:03]} Qg6 {[%emt 0:00:02]} 24. Rac1 {[%emt 0:00:03]} Bxf3 {[%emt 0:00:02]} 25. Ng3 {[%emt 0:00:04]} Bxg2+ {[%emt 0:00:02]} 26. Kg1 {[%emt 0:00:01]} Qxc2 {[%emt 0:00:02]} 27. Rxc2 {[%emt 0:00:01]} Rxe1+ {[%emt 0:00:01] Fischer_11 gibt auf (Lag: Av=0.26s, max=0.5s)} 0-1

[Event "178th Stay Safe Play From Home series"]
[Site "T#646379Emanuel Laske"]
[Date "2020.05.27"]
[Round "8"]
[White "NeatFox"]
[Black "Tunca"]
[Result "0-1"]
[WhiteElo "1857"]
[BlackElo "1815"]
[Annotator "NA"]
[PlyCount "48"]
[EventDate "2020.05.27"]
[EventType "swiss (blitz)"]

1. g4 {[%emt 0:00:01]} d6 {[%emt 0:00:01]} 2. Bg2 {[%emt 0:00:00]} e5 {[%emt 0:00:01]} 3. c4 {[%emt 0:00:01]} Bxg4 {[%emt 0:00:02]} 4. Bxb7 {[%emt 0:00:01]} Nd7 {[%emt 0:00:01]} 5. Bxa8 {[%emt 0:00:00]} Qxa8 {[%emt 0:00:01]} 6. f3 {[%emt 0:00:00]} Be6 {[%emt 0:00:02]} 7. Nc3 {[%emt 0:00:00]} Bxc4 {[%emt 0:00:03]} 8. Qa4 {[%emt 0:00:01]} Be6 {[%emt 0:00:01]} 9. Nb5 {[%emt 0:00:01]} Qc6 {[%emt 0:00:02]} 10. Nxa7 {[%emt 0:00:01]} Qxa4 {[%emt 0:00:01]} 11. Nc8 {[%emt 0:00:04]} Nc5 {[%emt 0:00:03]} 12. b3 {[%emt 0:00:01]} Qa8 {[%emt 0:00:04]} 13. Nxd6+ {[%emt 0:00:01]} Bxd6 {[%emt 0:00:02]} 14. Bb2 {[%emt 0:00:00]} Nf6 {[%emt 0:00:01]} 15. e3 {[%emt 0:00:02]} O-O {[%emt 0:00:01]} 16. Ne2 {[%emt 0:00:01]} Nd3+ {[%emt 0:00:01]} 17. Kf1 {[%emt 0:00:01]} Nxb2 {[%emt 0:00:00]} 18. Rb1 {[%emt 0:00:01]} Nd3 {[%emt 0:00:00]} 19. Kg2 {[%emt 0:00:02]} Qxa2 {[%emt 0:00:01]} 20. Nc3 {[%emt 0:00:03]} Qxd2+ {[%emt 0:00:01]} 21. Kg3 {[%emt 0:00:02]} Nh5+ {[%emt 0:00:01]} 22. Kh4 {[%emt 0:00:01]} Qf2+ {[%emt 0:00:02]} 23. Kxh5 {[%emt 0:00:01]} g6+ {[%emt 0:00:01]} 24. Kh6 {[%emt 0:00:01]} Qh4# {[%emt 0:00:02] (Lag: Av=0.43s, max=0.9s)} 0-1

[Event "178th Stay Safe Play From Home series"]
[Site "T#646379Emanuel Laske"]
[Date "2020.05.27"]
[Round "8"]
[White "Emresenar"]
[Black "Grizzzly"]
[Result "0-1"]
[WhiteElo "1717"]
[BlackElo "1714"]
[Annotator "NA"]
[PlyCount "78"]
[EventDate "2020.05.27"]
[EventType "swiss (blitz)"]

1. e4 {[%emt 0:00:02]} e6 {[%emt 0:00:01]} 2. Nf3 {[%emt 0:00:01]} d5 {[%emt 0:00:01]} 3. exd5 {[%emt 0:00:00]} e5 {[%emt 0:00:01]} 4. d4 {[%emt 0:00:00]} exd4 {[%emt 0:00:01]} 5. Qxd4 {[%emt 0:00:02]} Nf6 {[%emt 0:00:02]} 6. Bb5+ {[%emt 0:00:01]} Bd7 {[%emt 0:00:01]} 7. Bxd7+ {[%emt 0:00:02]} Nbxd7 {[%emt 0:00:01]} 8. O-O {[%emt 0:00:00]} Bc5 {[%emt 0:00:02]} 9. Re1+ {[%emt 0:00:01]} Be7 {[%emt 0:00:03]} 10. Ne5 {[%emt 0:00:05]} O-O {[%emt 0:00:01]} 11. Nxd7 {[%emt 0:00:02]} Qxd7 {[%emt 0:00:01]} 12. c4 {[%emt 0:00:01]} Rfe8 {[%emt 0:00:01]} 13. Bg5 {[%emt 0:00:01]} Rad8 {[%emt 0:00:01]} 14. Nc3 {[%emt 0:00:01]} h6 {[%emt 0:00:01]} 15. Bh4 {[%emt 0:00:01]} c6 {[%emt 0:00:02]} 16. Rad1 {[%emt 0:00:05]} cxd5 {[%emt 0:00:01]} 17. cxd5 {[%emt 0:00:01]} b6 {[%emt 0:00:06]} 18. Bxf6 {[%emt 0:00:12]} Bxf6 {[%emt 0:00:02]} 19. Rxe8+ {[%emt 0:00:01]} Rxe8 {[%emt 0:00:01]} 20. Qd3 {[%emt 0:00:01]} Qd6 {[%emt 0:00:05]} 21. f3 {[%emt 0:00:04]} Be5 {[%emt 0:00:01]} 22. g3 {[%emt 0:00:02]} Rc8 {[%emt 0:00:03]} 23. Ne4 {[%emt 0:00:01]} Qd8 {[%emt 0:00:03]} 24. f4 {[%emt 0:00:01]} Bd6 {[%emt 0:00:01]} 25. Nxd6 {[%emt 0:00:01]} Qxd6 {[%emt 0:00:00]} 26. Rd2 {[%emt 0:00:01]} Rd8 {[%emt 0:00:01]} 27. Kf2 {[%emt 0:00:01]} Qc5+ {[%emt 0:00:00]} 28. Kf3 {[%emt 0:00:01]} Qd6 {[%emt 0:00:01]} 29. Rc2 {[%emt 0:00:01]} Rd7 {[%emt 0:00:03]} 30. Rd2 {[%emt 0:00:01]} Qf6 {[%emt 0:00:02]} 31. b3 {[%emt 0:00:01]} Qg6 {[%emt 0:00:02]} 32. h3 {[%emt 0:00:01]} Qh5+ {[%emt 0:00:01]} 33. Kg2 {[%emt 0:00:01]} Qg6 {[%emt 0:00:01]} 34. Qf3 {[%emt 0:00:01]} Qf6 {[%emt 0:00:02]} 35. Qd3 {[%emt 0:00:00]} Qd8 {[%emt 0:00:01]} 36. Qd4 {[%emt 0:00:00]} Kf8 {[%emt 0:00:00]} 37. Kf3 {[%emt 0:00:00]} Qe7 {[%emt 0:00:01]} 38. Re2 {[%emt 0:00:02]} Qd6 {[%emt 0:00:00]} 39. Qd3 {[%emt 0:00:00]} Qxd5+ {[%emt 0:00:01] Zaman (Lag: Av=0.53s, max=0.8s)} 0-1

[Event "178th Stay Safe Play From Home series"]
[Site "T#646379Emanuel Laske"]
[Date "2020.05.27"]
[Round "8"]
[White "Haris kollari 13"]
[Black "matanant"]
[Result "0-1"]
[WhiteElo "1627"]
[BlackElo "1660"]
[Annotator "NA"]
[PlyCount "50"]
[EventDate "2020.05.27"]
[EventType "swiss (blitz)"]

1. e4 {[%emt 0:00:01]} d6 {[%emt 0:00:02]} 2. f4 {[%emt 0:00:01]} Nf6 {[%emt 0:00:01]} 3. Nc3 {[%emt 0:00:02]} Bg4 {[%emt 0:00:02]} 4. Nf3 {[%emt 0:00:01]} c5 {[%emt 0:00:02]} 5. Be2 {[%emt 0:00:01]} Nc6 {[%emt 0:00:01]} 6. d3 {[%emt 0:00:01]} g6 {[%emt 0:00:01]} 7. Be3 {[%emt 0:00:01]} Bg7 {[%emt 0:00:02]} 8. h3 {[%emt 0:00:01]} Bxf3 {[%emt 0:00:02]} 9. Bxf3 {[%emt 0:00:01]} O-O {[%emt 0:00:01]} 10. Qd2 {[%emt 0:00:01]} Rb8 {[%emt 0:00:04]} 11. g4 {[%emt 0:00:01]} b5 {[%emt 0:00:01]} 12. g5 {[%emt 0:00:01]} Nd7 {[%emt 0:00:02]} 13. O-O-O {[%emt 0:00:09]} b4 {[%emt 0:00:01]} 14. Nd5 {[%emt 0:00:01]} e6 {[%emt 0:00:03]} 15. f5 {[%emt 0:00:02]} exd5 {[%emt 0:00:03]} 16. f6 {[%emt 0:00:01]} Nxf6 {[%emt 0:00:02]} 17. gxf6 {[%emt 0:00:02]} Qxf6 {[%emt 0:00:01]} 18. e5 {[%emt 0:00:06]} Nxe5 {[%emt 0:00:03]} 19. Bxd5 {[%emt 0:00:06]} Nf3 {[%emt 0:00:02]} 20. c3 {[%emt 0:00:08]} Nxd2 {[%emt 0:00:02]} 21. Rxd2 {[%emt 0:00:01]} bxc3 {[%emt 0:00:01]} 22. Rc2 {[%emt 0:00:05]} Rxb2 {[%emt 0:00:03]} 23. Rxb2 {[%emt 0:00:03]} cxb2+ {[%emt 0:00:01]} 24. Kb1 {[%emt 0:00:00]} Qc3 {[%emt 0:00:03]} 25. Bf4 {[%emt 0:00:03]} Qxd3# {[%emt 0:00:02] (Lag: Av=0.68s, max=1.0s)} 0-1

[Event "178th Stay Safe Play From Home series"]
[Site "T#646379Emanuel Laske"]
[Date "2020.05.27"]
[Round "8"]
[White "Trotsky"]
[Black "Weltszmerc"]
[Result "1-0"]
[WhiteElo "1548"]
[BlackElo "2038"]
[Annotator "RC"]
[PlyCount "21"]
[EventDate "2020.05.27"]
[EventType "swiss (blitz)"]

1. d4 {[%emt 0:00:01]} d5 {[%emt 0:00:04]} 2. e3 {[%emt 0:00:01]} Nc6 {[%emt 0:00:05]} 3. c4 {[%emt 0:00:01]} dxc4 {[%emt 0:00:04]} 4. Bxc4 {[%emt 0:00:02]} e6 {[%emt 0:00:07]} 5. Nc3 {[%emt 0:00:01]} Bb4 {[%emt 0:00:05]} 6. Qc2 {[%emt 0:00:02]} Bxc3+ {[%emt 0:00:04]} 7. bxc3 {[%emt 0:00:01]} a5 {[%emt 0:00:08]} 8. Nf3 {[%emt 0:00:02]} Nf6 {[%emt 0:00:04]} 9. h4 {[%emt 0:00:02]} Nxd4 {[%emt 0:00:09]} 10. exd4 {[%emt 0:00:01]} Bd7 {[%emt 0:00:10]} 11. Be3 {[%emt 0:00:02] Czas partii (Lag: Av=0.68s, max=0.8s)} 1-0

[Event "178th Stay Safe Play From Home series"]
[Site "T#646379Emanuel Laske"]
[Date "2020.05.27"]
[Round "9"]
[White "Mepe_Nika"]
[Black "NeatFox"]
[Result "1-0"]
[WhiteElo "2248"]
[BlackElo "1838"]
[Annotator "RC"]
[PlyCount "73"]
[EventDate "2020.05.27"]
[EventType "swiss (blitz)"]

1. d4 {[%emt 0:00:02]} d5 {[%emt 0:00:04]} 2. Bf4 {[%emt 0:00:01]} e6 {[%emt 0:00:00]} 3. e3 {[%emt 0:00:01]} c5 {[%emt 0:00:00]} 4. c3 {[%emt 0:00:01]} cxd4 {[%emt 0:00:00]} 5. exd4 {[%emt 0:00:01]} Nc6 {[%emt 0:00:00]} 6. Nd2 {[%emt 0:00:01]} Nf6 {[%emt 0:00:00]} 7. Ngf3 {[%emt 0:00:01]} Bd6 {[%emt 0:00:00]} 8. Bg3 {[%emt 0:00:01]} Bxg3 {[%emt 0:00:01]} 9. hxg3 {[%emt 0:00:01]} h6 {[%emt 0:00:00]} 10. Bd3 {[%emt 0:00:00]} b6 {[%emt 0:00:02]} 11. Qe2 {[%emt 0:00:01]} Bb7 {[%emt 0:00:00]} 12. Ne5 {[%emt 0:00:01]} Nxe5 {[%emt 0:00:02]} 13. dxe5 {[%emt 0:00:02]} Nd7 {[%emt 0:00:00]} 14. g4 {[%emt 0:00:00]} Nc5 {[%emt 0:00:01]} 15. f4 {[%emt 0:00:02]} Nxd3+ {[%emt 0:00:01]} 16. Qxd3 {[%emt 0:00:00]} Rb8 {[%emt 0:00:01]} 17. O-O-O {[%emt 0:00:01]} Rc8 {[%emt 0:00:01]} 18. g5 {[%emt 0:00:01]} h5 {[%emt 0:00:02]} 19. g6 {[%emt 0:00:01]} f6 {[%emt 0:00:01]} 20. Nf3 {[%emt 0:00:02]} f5 {[%emt 0:00:01]} 21. Ng5 {[%emt 0:00:01]} Qd7 {[%emt 0:00:01]} 22. Nf7 {[%emt 0:00:02]} Rf8 {[%emt 0:00:03]} 23. Nd6+ {[%emt 0:00:01]} Ke7 {[%emt 0:00:01]} 24. Nxc8+ {[%emt 0:00:00]} Rxc8 {[%emt 0:00:01]} 25. Rxh5 {[%emt 0:00:00]} b5 {[%emt 0:00:04]} 26. Rh7 {[%emt 0:00:01]} Kd8 {[%emt 0:00:02]} 27. Rh8+ {[%emt 0:00:02]} Kc7 {[%emt 0:00:01]} 28. Rdh1 {[%emt 0:00:00]} b4 {[%emt 0:00:01]} 29. Rxc8+ {[%emt 0:00:01]} Qxc8 {[%emt 0:00:01]} 30. Rh7 {[%emt 0:00:03]} Kb8 {[%emt 0:00:02]} 31. Rxg7 {[%emt 0:00:02]} bxc3 {[%emt 0:00:00]} 32. Qxc3 {[%emt 0:00:00]} Bc6 {[%emt 0:00:11]} 33. Rf7 {[%emt 0:00:07]} d4 {[%emt 0:00:01]} 34. Qb4+ {[%emt 0:00:01]} Ka8 {[%emt 0:00:02]} 35. Rf8 {[%emt 0:00:01]} Be8+ {[%emt 0:00:02]} 36. Kd2 {[%emt 0:00:01]} Qd7 {[%emt 0:00:02]} 37. g7 {[%emt 0:00:03] Zeit} 1-0

[Event "178th Stay Safe Play From Home series"]
[Site "T#646379Emanuel Laske"]
[Date "2020.05.27"]
[Round "9"]
[White "Lamborghini"]
[Black "BrainThinker22"]
[Result "0-1"]
[WhiteElo "2242"]
[BlackElo "2238"]
[Annotator "NA"]
[PlyCount "136"]
[EventDate "2020.05.27"]
[EventType "swiss (blitz)"]

1. e4 {[%emt 0:00:02]} d5 {[%emt 0:00:00]} 2. exd5 {[%emt 0:00:02]} Qxd5 {[%emt 0:00:00]} 3. Nc3 {[%emt 0:00:01]} Qd6 {[%emt 0:00:00]} 4. d4 {[%emt 0:00:01]} Nf6 {[%emt 0:00:00]} 5. h3 {[%emt 0:00:01]} a6 {[%emt 0:00:00]} 6. Nf3 {[%emt 0:00:01]} Bf5 {[%emt 0:00:01]} 7. g4 {[%emt 0:00:01]} Bg6 {[%emt 0:00:01]} 8. Ne5 {[%emt 0:00:01]} Nc6 {[%emt 0:00:01]} 9. Bf4 {[%emt 0:00:01]} Nxe5 {[%emt 0:00:07]} 10. dxe5 {[%emt 0:00:01]} Qxd1+ {[%emt 0:00:01]} 11. Rxd1 {[%emt 0:00:00]} Ne4 {[%emt 0:00:02]} 12. Bg2 {[%emt 0:00:03]} Nxc3 {[%emt 0:00:03]} 13. bxc3 {[%emt 0:00:00]} c6 {[%emt 0:00:01]} 14. e6 {[%emt 0:00:02]} fxe6 {[%emt 0:00:01]} 15. Rd2 {[%emt 0:00:01]} Rd8 {[%emt 0:00:03]} 16. Rxd8+ {[%emt 0:00:03]} Kxd8 {[%emt 0:00:00]} 17. Be5 {[%emt 0:00:01]} Bxc2 {[%emt 0:00:03]} 18. Kd2 {[%emt 0:00:01]} Bg6 {[%emt 0:00:02]} 19. Ke3 {[%emt 0:00:01]} Kc8 {[%emt 0:00:01]} 20. c4 {[%emt 0:00:01]} Rg8 {[%emt 0:00:01]} 21. c5 {[%emt 0:00:01]} Be8 {[%emt 0:00:03]} 22. Be4 {[%emt 0:00:01]} g6 {[%emt 0:00:01]} 23. f4 {[%emt 0:00:01]} Bg7 {[%emt 0:00:01]} 24. g5 {[%emt 0:00:01]} Bxe5 {[%emt 0:00:01]} 25. fxe5 {[%emt 0:00:00]} Rf8 {[%emt 0:00:00]} 26. h4 {[%emt 0:00:03]} Kc7 {[%emt 0:00:01]} 27. Bd3 {[%emt 0:00:03]} Bf7 {[%emt 0:00:06]} 28. Rb1 {[%emt 0:00:01]} Rd8 {[%emt 0:00:01]} 29. Be4 {[%emt 0:00:03]} Rb8 {[%emt 0:00:01]} 30. Rf1 {[%emt 0:00:02]} Bg8 {[%emt 0:00:03]} 31. h5 {[%emt 0:00:01]} gxh5 {[%emt 0:00:01]} 32. Rh1 {[%emt 0:00:01]} Bf7 {[%emt 0:00:01]} 33. Rf1 {[%emt 0:00:03]} Bg6 {[%emt 0:00:01]} 34. Bxg6 {[%emt 0:00:00]} hxg6 {[%emt 0:00:00]} 35. Rf7 {[%emt 0:00:01]} Kd7 {[%emt 0:00:00]} 36. Rg7 {[%emt 0:00:01]} Rf8 {[%emt 0:00:01]} 37. Rxg6 {[%emt 0:00:01]} Rf5 {[%emt 0:00:00]} 38. Ke4 {[%emt 0:00:01]} Rf1 {[%emt 0:00:00]} 39. Rh6 {[%emt 0:00:01]} Re1+ {[%emt 0:00:00]} 40. Kf4 {[%emt 0:00:01]} Rh1 {[%emt 0:00:00]} 41. g6 {[%emt 0:00:01]} h4 {[%emt 0:00:01]} 42. g7 {[%emt 0:00:01]} Rg1 {[%emt 0:00:01]} 43. Rh7 {[%emt 0:00:01]} h3 {[%emt 0:00:01]} 44. Rh4 {[%emt 0:00:00]} Rxg7 {[%emt 0:00:02]} 45. Rxh3 {[%emt 0:00:00]} Rf7+ {[%emt 0:00:00]} 46. Ke4 {[%emt 0:00:00]} Rf5 {[%emt 0:00:00]} 47. Rd3+ {[%emt 0:00:01]} Ke8 {[%emt 0:00:01]} 48. a4 {[%emt 0:00:00]} Rg5 {[%emt 0:00:00]} 49. a5 {[%emt 0:00:00]} Rg4+ {[%emt 0:00:00]} 50. Kf3 {[%emt 0:00:01]} Ra4 {[%emt 0:00:00]} 51. Rb3 {[%emt 0:00:01]} Kf7 {[%emt 0:00:00]} 52. Rxb7 {[%emt 0:00:00]} Rxa5 {[%emt 0:00:00]} 53. Rb6 {[%emt 0:00:00]} Rxc5 {[%emt 0:00:00]} 54. Ke4 {[%emt 0:00:00]} Rxe5+ {[%emt 0:00:00]} 55. Kf4 {[%emt 0:00:00]} Rf5+ {[%emt 0:00:00]} 56. Ke4 {[%emt 0:00:02]} Ke8 {[%emt 0:00:00]} 57. Rxc6 {[%emt 0:00:00]} Kd7 {[%emt 0:00:00]} 58. Rc7+ {[%emt 0:00:00]} Kxc7 {[%emt 0:00:01]} 59. Ke3 {[%emt 0:00:00]} Kd6 {[%emt 0:00:00]} 60. Ke4 {[%emt 0:00:00]} Rd5 {[%emt 0:00:00]} 61. Ke3 {[%emt 0:00:00]} Kc6 {[%emt 0:00:00]} 62. Ke4 {[%emt 0:00:00]} Kc5 {[%emt 0:00:00]} 63. Ke3 {[%emt 0:00:00]} a5 {[%emt 0:00:00]} 64. Ke2 {[%emt 0:00:00]} a4 {[%emt 0:00:00]} 65. Ke3 {[%emt 0:00:00]} a3 {[%emt 0:00:00]} 66. Ke4 {[%emt 0:00:00]} a2 {[%emt 0:00:00]} 67. Kf4 {[%emt 0:00:00]} a1=Q {[%emt 0:00:00]} 68. Ke4 {[%emt 0:00:00]} Qa5 {[%emt 0:00:00] Zeit (Lag: Av=0.32s, max=0.8s)} 0-1

[Event "178th Stay Safe Play From Home series"]
[Site "T#646379Emanuel Laske"]
[Date "2020.05.27"]
[Round "9"]
[White "Weltszmerc"]
[Black "Fischer_11"]
[Result "0-1"]
[WhiteElo "2006"]
[BlackElo "1962"]
[Annotator "NA"]
[PlyCount "114"]
[EventDate "2020.05.27"]
[EventType "swiss (blitz)"]

1. d4 {[%emt 0:00:16]} e5 {[%emt 0:00:01]} 2. c4 {[%emt 0:00:00]} exd4 {[%emt 0:00:01]} 3. Nf3 {[%emt 0:00:00]} c5 {[%emt 0:00:01]} 4. e3 {[%emt 0:00:00]} dxe3 {[%emt 0:00:00]} 5. Bxe3 {[%emt 0:00:00]} Nf6 {[%emt 0:00:00]} 6. Nc3 {[%emt 0:00:00]} Be7 {[%emt 0:00:00]} 7. Be2 {[%emt 0:00:00]} O-O {[%emt 0:00:00]} 8. h3 {[%emt 0:00:00]} d6 {[%emt 0:00:01]} 9. O-O {[%emt 0:00:00]} b6 {[%emt 0:00:00]} 10. Nd5 {[%emt 0:00:00]} Bb7 {[%emt 0:00:02]} 11. Nxe7+ {[%emt 0:00:00]} Qxe7 {[%emt 0:00:00]} 12. Bd3 {[%emt 0:00:01]} Nc6 {[%emt 0:00:02]} 13. Re1 {[%emt 0:00:01]} Qd7 {[%emt 0:00:02]} 14. Nh4 {[%emt 0:00:01]} Ne5 {[%emt 0:00:02]} 15. Bf5 {[%emt 0:00:02]} Qc6 {[%emt 0:00:02]} 16. b3 {[%emt 0:00:00]} Ng6 {[%emt 0:00:04]} 17. Bxg6 {[%emt 0:00:05]} hxg6 {[%emt 0:00:02]} 18. Bg5 {[%emt 0:00:01]} Rfe8 {[%emt 0:00:05]} 19. Bxf6 {[%emt 0:00:01]} gxf6 {[%emt 0:00:01]} 20. Qd5 {[%emt 0:00:02]} Qxd5 {[%emt 0:00:02]} 21. cxd5 {[%emt 0:00:00]} Bxd5 {[%emt 0:00:04]} 22. Rxe8+ {[%emt 0:00:01]} Rxe8 {[%emt 0:00:00]} 23. Rd1 {[%emt 0:00:01]} Be6 {[%emt 0:00:09]} 24. Rxd6 {[%emt 0:00:01]} c4 {[%emt 0:00:01]} 25. bxc4 {[%emt 0:00:02]} Bxc4 {[%emt 0:00:00]} 26. a4 {[%emt 0:00:02]} Re6 {[%emt 0:00:02]} 27. Rd7 {[%emt 0:00:01]} a6 {[%emt 0:00:01]} 28. Rc7 {[%emt 0:00:02]} Bb3 {[%emt 0:00:01]} 29. a5 {[%emt 0:00:02]} bxa5 {[%emt 0:00:00]} 30. Nf3 {[%emt 0:00:01]} a4 {[%emt 0:00:00]} 31. Nd4 {[%emt 0:00:01]} Rd6 {[%emt 0:00:01]} 32. Rc8+ {[%emt 0:00:02]} Kg7 {[%emt 0:00:01]} 33. Nc6 {[%emt 0:00:02]} Rd1+ {[%emt 0:00:02]} 34. Kh2 {[%emt 0:00:01]} Rc1 {[%emt 0:00:00]} 35. Ne7 {[%emt 0:00:03]} Rxc8 {[%emt 0:00:02]} 36. Nxc8 {[%emt 0:00:00]} a3 {[%emt 0:00:00]} 37. Nd6 {[%emt 0:00:00]} a2 {[%emt 0:00:00]} 38. Ne8+ {[%emt 0:00:00]} Kf8 {[%emt 0:00:02]} 39. Nxf6 {[%emt 0:00:00]} a1=Q {[%emt 0:00:00]} 40. Ng4 {[%emt 0:00:00]} Qe5+ {[%emt 0:00:00]} 41. g3 {[%emt 0:00:00]} Qe6 {[%emt 0:00:01]} 42. Kg2 {[%emt 0:00:01]} Qe7 {[%emt 0:00:00]} 43. f3 {[%emt 0:00:00]} a5 {[%emt 0:00:00]} 44. Nf2 {[%emt 0:00:00]} a4 {[%emt 0:00:00]} 45. g4 {[%emt 0:00:00]} a3 {[%emt 0:00:00]} 46. h4 {[%emt 0:00:00]} a2 {[%emt 0:00:00]} 47. Kg3 {[%emt 0:00:00]} a1=Q {[%emt 0:00:00]} 48. h5 {[%emt 0:00:01]} Qae5+ {[%emt 0:00:00]} 49. f4 {[%emt 0:00:01]} Qe3+ {[%emt 0:00:00]} 50. Kg2 {[%emt 0:00:01]} Qxf2+ {[%emt 0:00:00]} 51. Kxf2 {[%emt 0:00:01]} Qh4+ {[%emt 0:00:00]} 52. Kf3 {[%emt 0:00:01]} gxh5 {[%emt 0:00:00]} 53. Ke4 {[%emt 0:00:00]} Qxg4 {[%emt 0:00:01]} 54. Ke5 {[%emt 0:00:00]} Qxf4+ {[%emt 0:00:00]} 55. Kxf4 {[%emt 0:00:01]} h4 {[%emt 0:00:00]} 56. Kg5 {[%emt 0:00:00]} Be6 {[%emt 0:00:00]} 57. Kxh4 {[%emt 0:00:00]} Ke7 {[%emt 0:00:00]} 0-1